Online Catalogue and eLibrary

Women in Panchayati Raj / (Record no. 538)

MARC details
000 -LEADER
fixed length control field 00639cam a2200229 a 4500
001 - CONTROL NUMBER
control field 12602243
005 - DATE AND TIME OF LATEST TRANSACTION
control field 20240304035924.0
008 - FIXED-LENGTH DATA ELEMENTS--GENERAL INFORMATION
fixed length control field 800108s2001 ii b 000 0 eng
020 ## - INTERNATIONAL STANDARD BOOK NUMBER
ISBN 8187218355
040 ## - CATALOGING SOURCE (பட்டியலாக்க மூலம்)
Original cataloging agency DLC
Transcribing agency DLC
Modifying agency DLC
082 ## - DDC Classification
DDC Edition Number 22
Class No. 323.33
Item Number - Author Mark WOM.
245 00 - TITLE STATEMENT
Title Women in Panchayati Raj /
Statement of responsibility, etc. editors, Ambrose Pinto, Helmut Reifeld.
260 ## - PUBLICATION, DISTRIBUTION, ETC.
Place of publication, distribution, etc. New Delhi :
Name of publisher, distributor, etc. Indian Social Institute,
Date of publication, distribution, etc. 2001.
300 ## - PHYSICAL DESCRIPTION
Extent (e.g. Volumes, Pages etc.) vi, 235 p. ;
500 ## - GENERAL NOTE
General note "Konrad-Adenauer-Stiftung."
650 #0 - SUBJECT ADDED ENTRY--TOPICAL TERM
Topical term or geographic name entry element Women
650 #0 - SUBJECT ADDED ENTRY--TOPICAL TERM
Topical term or geographic name entry element Women in development
650 #0 - SUBJECT ADDED ENTRY--TOPICAL TERM
Topical term or geographic name entry element Panchayat
700 1# - ADDED ENTRY--PERSONAL NAME
Personal name Pinto, Ambrose.
Relator term (Role) Editor
700 1# - ADDED ENTRY--PERSONAL NAME
Personal name Reifeld, Helmut.
Relator term (Role) Editor
942 ## - Koha item type (Biblio)
Koha item type Books in Stacks (Lending)
Holdings
Lost status Damaged status Collection code Home library Current library Date acquired Full call number Accession Number Item type
    Lending WERC Library WERC Library 03/04/2024 323.33 WOM. 4899 Books in Stacks (Lending)

© WERC Library